<?xml version="1.0" encoding="UTF-8"?>
<record
    xmlns:xsi="http://www.w3.org/2001/XMLSchema-instance"
    xsi:schemaLocation="http://www.loc.gov/MARC21/slim http://www.loc.gov/standards/marcxml/schema/MARC21slim.xsd"
    xmlns="http://www.loc.gov/MARC21/slim">

  <leader>01872nam a22002537a 4500</leader>
  <controlfield tag="003">AR-RoUNCS</controlfield>
  <controlfield tag="005">20251127083038.0</controlfield>
  <controlfield tag="008">251127t2024    sp  ||||r|||| 00| f spa d</controlfield>
  <datafield tag="022" ind1=" " ind2=" ">
    <subfield code="2">978-950-732-626-4</subfield>
  </datafield>
  <datafield tag="040" ind1=" " ind2=" ">
    <subfield code="a">AR-RoUNCS</subfield>
    <subfield code="c">AR-RoUNCS</subfield>
  </datafield>
  <datafield tag="080" ind1=" " ind2=" ">
    <subfield code="0">82-31(460)</subfield>
  </datafield>
  <datafield tag="100" ind1="1" ind2=" ">
    <subfield code="a">Not, Alina,</subfield>
    <subfield code="e">autor</subfield>
  </datafield>
  <datafield tag="245" ind1="1" ind2="0">
    <subfield code="a">T&#xFA;, por pura casualidad /</subfield>
    <subfield code="c">Alina Not.</subfield>
  </datafield>
  <datafield tag="250" ind1=" " ind2=" ">
    <subfield code="a">1a ed.</subfield>
  </datafield>
  <datafield tag="260" ind1=" " ind2=" ">
    <subfield code="a">Barcelona :</subfield>
    <subfield code="b">Crossbooks,</subfield>
    <subfield code="c">2024.</subfield>
  </datafield>
  <datafield tag="300" ind1=" " ind2=" ">
    <subfield code="a">480 p. ;</subfield>
    <subfield code="c">24 cm.</subfield>
  </datafield>
  <datafield tag="490" ind1="0" ind2=" ">
    <subfield code="a">Trilog&#xED;a Azar ;</subfield>
    <subfield code="v">1</subfield>
  </datafield>
  <datafield tag="520" ind1="3" ind2=" ">
    <subfield code="a">Sinopsis: &#xA1;Volver&#xE1;s a sentir las mariposas con Alina Not! M&#xE1;s de 150.000 lectoras.&#xBF;El amor est&#xE1; escrito en nuestro destino?&#xBF;Crees que bastan treinta segundos para proyectar lo vivido y desvelar lo que est&#xE1; por venir?Beth vio algo cuando se debat&#xED;a entre la vida y la muerte y ahora est&#xE1; segura de que lograr&#xE1; su sue&#xF1;o, de que llegar&#xE1; a ser una anciana feliz y satisfecha, y de que hay alguien con un aspecto muy concreto con quien compartir&#xE1; el resto de sus d&#xED;as. Sin embargo, el comienzo de la universidad trae nuevas oportunidades, desv&#xED;os que tomar y la presencia de Chris, que le hace sentir tantas cosas como nunca crey&#xF3; posible&#x2026; solo que no es el chico que marca el destino.Chris cree en el amor, pero no en los &#xAB;para siempre&#xBB;. Hasta que Beth se cruza en su camino y lo que empieza como un desaf&#xED;o para intentar demostrar que el futuro se escribe d&#xED;a a d&#xED;a se convierte en algo m&#xE1;s. Est&#xE1; seguro de algo: no tiene la cara adecuada, pero es el chico adecuado.&#xBF;Est&#xE1; escrito el destino? &#xBF;O puede el amor jugar bajo sus propias reglas? UNA HISTORIA DE AMOR EN LA QUE EL AZAR Y EL DESTINO JUEGAN UN PAPEL ESENCIAL (Notas del editor)</subfield>
  </datafield>
  <datafield tag="521" ind1="1" ind2=" ">
    <subfield code="a">Edad recomendada a partir de los 16 a&#xF1;os.</subfield>
  </datafield>
  <datafield tag="650" ind1=" " ind2="7">
    <subfield code="2">embne</subfield>
    <subfield code="a">Literatura juvenil</subfield>
  </datafield>
  <datafield tag="650" ind1=" " ind2="7">
    <subfield code="2">embne</subfield>
    <subfield code="a">Literatura espa&#xF1;ola</subfield>
  </datafield>
  <datafield tag="655" ind1=" " ind2="7">
    <subfield code="2">embne</subfield>
    <subfield code="a">Novelas de amor</subfield>
  </datafield>
  <datafield tag="942" ind1=" " ind2=" ">
    <subfield code="2">udc</subfield>
    <subfield code="c">LPD</subfield>
    <subfield code="n">0</subfield>
  </datafield>
  <datafield tag="999" ind1=" " ind2=" ">
    <subfield code="c">787</subfield>
    <subfield code="d">787</subfield>
  </datafield>
  <datafield tag="952" ind1=" " ind2=" ">
    <subfield code="0">0</subfield>
    <subfield code="1">0</subfield>
    <subfield code="2">udc</subfield>
    <subfield code="4">0</subfield>
    <subfield code="7">0</subfield>
    <subfield code="8">CG</subfield>
    <subfield code="a">ESOCIALES</subfield>
    <subfield code="b">ESOCIALES</subfield>
    <subfield code="d">2025-11-27</subfield>
    <subfield code="e">Compra 2025</subfield>
    <subfield code="l">3</subfield>
    <subfield code="o">82-31(460) N899</subfield>
    <subfield code="p">001496</subfield>
    <subfield code="r">2026-05-05 11:40:47</subfield>
    <subfield code="s">2026-04-13</subfield>
    <subfield code="w">2025-11-27</subfield>
    <subfield code="y">LPD</subfield>
  </datafield>
</record>
